[Event "Treppenturnier 2023"]
[Site "Turnierstufe"]
[Date "2024.02.16"]
[Round "20-1"]
[White "Modena"]
[Black "MM V"]
[Result "1-0"]
[WhiteElo "1987"]
[BlackElo "1953"]
[PlyCount "131"]

1.d4 d5 2.Nf3 Nf6 3.c4 c6 4.Nc3 dxc4 5.a4 Bf5 6.e3 e6 7.Bxc4 Bb4 8.O-O 
{Buchende.} 8...O-O {Buchende.} 9.Bd2 Nbd7 10.Qb3 a5 11.Nb1 Qe7 12.Bxb4 Qxb4 
13.Qxb4 axb4 14.Nbd2 Nb6 15.Bb3 Ra7 16.Ra2 Ra5 17.Ne5 Rd8 18.Rfa1 Ne4 $6 {Jetzt
geht was für Weiß auf der a-Linie.} 19.Ndc4 $1 Nxc4 20.Nxc4 Ra6 21.a5 Nf6 
22.Ne5 Nd5 $6 ( {Besser} 22...Nd7 ) 23.Bc4 {Modena erarbeitet sich eine immer
bessere Position.} 23...Raa8 $6 24.a6 {Modena spielt stark.} 24...b5 25.Be2 ( 
25.Bxd5 cxd5 26.Ra5 {...} ) 25...Rdc8 26.Bf3 f6 27.Nd7 b3 28.Ra5 Rd8 $6 
{(-1.33)} 29.Nc5 {(+2.96)} 29...Nb4 30.R1a3 {Nun verliert MM V Material.} 
30...Nd3 31.Bxc6 b4 32.Ra1 Nxb2 {(-1.77)} 33.Bxa8 {(+3.45)} 33...Nc4 34.R5a4 b2 
35.Re1 {Modena hat fein vorausgerechnet - beeindruckend.} 35...Rxa8 36.Rxb4 Bc2 
37.e4 g6 38.Rxc4 b1=Q 39.Rxb1 Bxb1 40.Rb4 Bxe4 41.Nxe4 Rxa6 42.h4 f5 43.Rb8+ 
Kg7 44.Rb7+ Kf8 45.Nc5 Rd6 46.Rxh7 Ke8 47.Kh2 Rxd4 48.Nxe6 Re4 49.Ng5 Ra4 
50.Kg3 Ra6 51.Kf4 Ra2 52.Nh3 {und dann der König nach g5 - er scheint zu wissen,
was er tut.} 52...Ra4+ 53.Ke5 {auch gut.} 53...Ra5+ 54.Kf6 Ra6+ 55.Kg5 Rd6 
56.Nf4 Kd8 57.f3 Ra6 58.Nxg6 Ra2 59.g3 Rg2 60.Kf4 Kc8 61.h5 Kd8 62.Nh4 Ra2 
63.Nxf5 Ra4+ 64.Kg5 Ra2 65.h6 Rh2 66.Rg7 {und Aufgabe (rESG)} 1-0

[Event "Treppenturnier 2023"]
[Site "Turnierstufe"]
[Date "2024.02.18"]
[Round "20-2"]
[White "MM V"]
[Black "Modena"]
[Result "1/2-1/2"]
[WhiteElo "1944"]
[BlackElo "1996"]
[PlyCount "250"]

1.e4 e5 2.Nf3 Nc6 3.Bb5 a6 4.Ba4 Nf6 5.O-O Be7 6.Re1 b5 7.Bb3 d6 8.c3 O-O 9.h3 
Na5 10.Bc2 c5 11.d4 Qc7 12.Nbd2 {Buchende.} 12...Nc6 13.d5 Nd8 14.a4 Rb8 15.c4 
b4 {Buchende.} 16.Nb3 Bd7 17.Nh4 Ng4 $6 {Ob Modena weit genug gerechnet hat?
Seine Königsstellung wird nun angreifbar.} 18.Nf5 Bxf5 19.exf5 Nf6 20.Be3 ( 
{Stark ist} 20.g4 $1 {nebst 21. g5.} ) 20...Nb7 21.Nd2 a5 22.f4 Rfe8 23.fxe5 
dxe5 24.Qf3 Nd6 25.Rad1 Nd7 26.b3 {Der Damenflügel ist dicht, die Musik spielt
auf der anderen Seite.} 26...Nf6 27.g3 ( 27.g4 {MM V könnte einen Angriff auf
den König versuchen, z:B.} 27...h6 28.Qg3 Nh7 29.h4 f6 30.Re2 Rbc8 31.Rh2 Red8 
32.Ne4 {...} ) 27...Bd8 28.Kh2 h6 29.Rf1 e4 30.Qe2 Qb6 31.Bf4 Bc7 32.Rde1 Re7 
33.Qg2 {Spannend - man belauert sich.} 33...Rbe8 34.Bxd6 Qxd6 {Modena fühlt sich
wohl: (+0.36)} 35.Re3 {MM V auch: (+1.09). Es drohte mächtig 35....e3!} 
35...Re5 36.Rf4 Nh5 {Verliert einen Bauern...} 37.Rfxe4 Qe7 ( {... allerdings
könnte Modena nach} 37...Nf6 {seine Stärke auf der Diagonale h2-b8 zum Ausgleich
nutzen. Aber so weit kann er definitiv nicht rechnen.} 38.Rxe5 Rxe5 39.Qf3 Rxe3 
40.Qxe3 h5 41.Kg2 h4 42.Nf1 hxg3 {...} ) 38.Rxe5 Bxe5 39.Ne4 Kh8 40.Bd1 Nf6 
41.Nxf6 Qxf6 42.Bg4 Re7 43.Qf3 Kh7 44.Kg2 Kh8 45.Re4 Kh7 {Hiarcs 15.2. hält die
Stellung für Remis.} 46.Re1 {(+1.30)} 46...Kg8 {(-1.10)} 47.Re2 Qb6 48.Re3 Qf6 
49.Re1 Qd6 50.Bh5 Qf6 51.Re4 Kh7 52.Re2 {Kein Weiterkommen für Weiß.} 52...Kh8 
53.Bg4 Kg8 54.Kh2 Kh7 55.Qd3 Kh8 56.Re1 Qd6 57.Re3 Kg8 58.Re2 Re8 59.Kg2 {Die
Postition von Schwarz ist ein Bollwerk.} 59...Kh8 $6 ( 59...Kf8 {oder 59. Te7.} 
) 60.Re1 ( {MM V könnte nun} 60.f6 {versuchen und dann} 60...gxf6 61.Qe3 Kh7 
62.Qf3 Kh8 {... aber auch da ist nicht viel zu holen.} ) 60...Kg8 {Rest der
Partie in je 1 Stunde.} 61.Re4 Re7 62.Re2 Kh8 63.Qf3 Kg8 64.Bh5 Qd8 65.Re3 Qd6 
66.Re4 Qf6 67.Re1 Kh8 68.Qg4 Kh7 69.Rf1 Bd4 70.Qd1 Re3 71.Rf3 Re8 72.Kh2 Be5 
73.Bg4 Bc3 74.Qc2 Kg8 75.Rd3 Qd6 76.Qc1 Re7 77.Re3 Bb2 78.Qd2 Bc3 79.Qe2 Be5 
80.Qf3 Kh7 81.Bh5 Kh8 82.Re2 Kg8 83.Bg4 Qf6 84.Re4 Qd6 85.Kh1 Kh7 86.Re3 Qf6 
87.Re1 Kg8 88.Re4 Qd6 89.Bh5 Rd7 90.g4 {Kurz bevor im 92. Zug die 50-Züge-Regel
greift, zieht MM V einen Bauern.} 90...Re7 91.Qe2 g6 92.fxg6 fxg6 93.Bxg6 Qxg6 
94.Rxe5 Qb1+ 95.Kg2 Rxe5 96.Qxe5 Qxb3 $2 {Der Bauernraub ist ein Fehler.} 
97.Qe6+ $2 ( 97.d6 $1 ) 97...Kg7 98.Qe7+ Kg8 99.Qxc5 ( {Natürlich} 99.d6 Qxa4 
100.d7 Qxd7 101.Qxd7 {...} ) 99...Qxa4 {Beide sind zu gierig.} 100.Qc8+ Kf7 
101.Qf5+ Kg7 102.c5 Qd1 {Das war's dann - sollte man meinen.} 103.Qd7+ Kg6 
104.Qe8+ Kg7 105.Qe7+ Kg6 106.Qe4+ Kg7 107.d6 Qd2+ 108.Kf3 Qc3+ 109.Qe3 a4 
110.Ke4 $2 Qa1 $2 111.Qd4+ $4 {Beide müssen nun schnell ziehen.} 111...Qxd4+ 
112.Kxd4 a3 113.d7 a2 114.Kc4 a1=Q 115.d8=Q Qc3+ 116.Kb5 b3 117.Qd7+ Kh8 118.h4 
b2 119.Qd1 Qc1 120.Qd4+ Kg8 121.Qd8+ Kf7 122.Qd7+ Kf8 123.Qd8+ Kf7 124.Qd7+ Kf8 
125.Qd8+ Kf7 {und Remis 3x.} 1/2-1/2

[Event "Treppenturnier 2023"]
[Site "Turnierstufe"]
[Date "2024.02.20"]
[Round "20-3"]
[White "Modena"]
[Black "MM V"]
[Result "1-0"]
[WhiteElo "1995"]
[BlackElo "1945"]
[PlyCount "68"]

1.c4 e5 2.Nc3 Nf6 3.Nf3 Nc6 4.e3 Bb4 5.Qc2 {Buchende.} 5...Bxc3 {Buchende.} 
6.dxc3 {Wieso schlägt Modena mit dem c-Bauern?} 6...d6 7.Bd3 Bg4 8.O-O Bxf3 
9.gxf3 {Schlechte Bauernstruktur, dafür aber das Läuferpaar.} 9...Nd7 10.b4 Qf6 
11.Kg2 Nxb4 $4 {Ein dicker Fehler. Sieht nur den Angriff auf den Turm.} 12.cxb4 
{(+0.63)} 12...a5 ( {Jetzt hat MM V erkannt, dass} 12...e4 {nicht geht wegen:} 
13.Bxe4 Qxa1 14.Bb2 Qxa2 15.Ra1 {...} ) 13.Be4 axb4 14.Bxb7 Ra5 15.Be4 g6 
16.Bd2 c5 17.Rfd1 O-O 18.Bc1 Nb6 19.a3 Qd8 {Für MM V sieht's zappenduster aus.} 
20.Bb2 f5 21.Bc6 Qc7 22.Bb5 bxa3 23.Rxa3 Rxa3 24.Bxa3 Qe7 25.Qd3 Rf6 26.Bb2 Re6 
27.f4 Qb7+ 28.Kg3 exf4+ 29.exf4 h6 30.Qc3 {(+3.17)} 30...Qh7 {(-2.95)} 31.Ra1 
{Modena spielt sehr konsequent. Schwarz sollte aufgeben.} 31...g5 {(-4.46)} 
32.Ra7 $1 {(+4.10)} 32...gxf4+ {(+9.80)} 33.Kf3 {(+8.45)} 33...Re5 {(-9.83)} 
34.Rxh7 Kxh7 {(rESG) MM V gibt auf.} 1-0

[Event "Treppenturnier 2023"]
[Site "Turnierstufe"]
[Date "2024.02.24"]
[Round "20-4"]
[White "MM V"]
[Black "Modena"]
[Result "0-1"]
[WhiteElo "1936"]
[BlackElo "2004"]
[PlyCount "62"]

1.d4 Nf6 2.c4 e6 3.Nc3 c5 4.d5 exd5 5.cxd5 d6 6.e4 g6 {Buchende.} 7.f4 Bg7 8.e5 
dxe5 9.fxe5 Nfd7 10.e6 {Sieht bedrohlich aus, ist aber Theorie.} 10...Qh4+ $6 ( 
{Besser ist sicherlich} 10...fxe6 11.dxe6 Qe7 {und dann etwa} 12.Nd5 Qxe6+ 
13.Qe2 Qxe2+ 14.Bxe2 {...} ) 11.g3 Bxc3+ 12.bxc3 {MM V ist immer noch im Buch!} 
12...Qe4+ 13.Qe2 {Buchende.} 13...Qxe2+ ( {Stellt die Falle} 13...Qxh1 $4 {,auf
die Modena aber nicht hereinfällt} 14.exf7+ {und baldiges Matt, z.B.} 14...Kd8 
15.Bg5+ Kc7 16.Bf4+ Kd8 17.Bd6 Ne5 18.Qxe5 Qe4+ 19.Qxe4 Nc6 20.dxc6 Be6 21.Qxe6 
bxc6 22.Qe7+ Kc8 23.Ba6# ) 14.Bxe2 fxe6 15.dxe6 Nb6 16.Bg4 Nc6 17.Bg5 {Beide
halten die Stellung für ausgeglichen.} ( {Die Analyse-Engine sieht Weiß klar im
Vorteil und hätte so weitergespielt:} 17.Nf3 O-O 18.O-O Re8 19.Re1 Nd8 20.Ng5 
Nd5 21.Bd2 Nf6 22.Bh3 h6 23.Ne4 Nxe4 24.Rxe4 g5 25.Rae1 b6 26.Bg4 Bb7 27.R4e2 
Re7 28.h4 gxh4 29.Bxh6 hxg3 30.Rd2 Nc6 31.Bg5 Rae8 32.Bxe7 Rxe7 {... Es liegen
Unendlichkeiten zwischen dem Horizont der Oldies und dem von z.B. Hiarcs 15.2.} 
) 17...O-O 18.O-O-O Nc4 19.e7 $2 ( {Richtig:} 19.Ne2 ) 19...Bxg4 {(+1.56)} 
20.exf8=Q+ {(+0.36)?} 20...Rxf8 21.Bh6 Rf5 $1 {Weiß hat keinen guten Gegenzug
mehr.} 22.Re1 N6e5 {Sehr gut.} 23.Kb1 Na3+ ( {Richtig stark ist} 23...Rf6 $3 
{und MM V kann die Drohungen nicht mehr parieren.} ) 24.Kb2 Nd3+ 25.Kxa3 Nxe1 
26.h3 Rh5 27.Bf4 Nd3 ( 27...c4 $1 ) 28.Rh2 {Erstaunlich! MM V spielt diesen Zug
nach 15 Minuten, obwohl er das Matt in 4 gegen sich sieht.} ( 28.c4 {hätte die
Niederlage noch herausgezögert.} ) 28...c4 {(9.99) Modena kann ein Matt nicht
ankündigen.} 29.Bc7 b6 $1 30.Bxb6 axb6 31.h4 Ra5# 0-1

[Event "Treppenturnier 2023"]
[Site "Turnierstufe"]
[Date "2024.02.26"]
[Round "21-1"]
[White "Modena"]
[Black "Zircon II"]
[Result "0-1"]
[WhiteElo "2012"]
[BlackElo "1957"]
[PlyCount "45"]

1.e4 c6 {Buchende.} 2.c4 {Buchende.} 2...e5 3.Nf3 d6 4.d4 exd4 5.Nxd4 Be7 6.Be3 
Nf6 7.Nc3 Ng4 8.Bf4 Bf6 9.Be2 O-O 10.Nxc6 $5 {Huch! Was soll das denn? Modena
spekuliert wie Super Conny.} ( {Einfach} 10.O-O {und Weiß hat eine starke
Stellung.} ) 10...Bxc3+ 11.bxc3 Qf6 12.Bxg4 Bxg4 13.Ne7+ Qxe7 14.Qxg4 Qxe4+ 
15.Kd2 Qxc4 16.Qg3 Re8 {(+1.62)} 17.Bxd6 $2 {(-1.73) Wirft die Partie endgültig
weg.} 17...Nc6 ( 17...Re2+ $1 {Matt in 9.} 18.Kd1 Nc6 19.Rb1 Nd4 20.Rb3 Nxb3 
21.Qf3 Rd2+ 22.Ke1 Re8+ 23.Be7 Rxe7+ 24.Qe3 Rxe3+ 25.fxe3 Qe2# ) 18.Rhe1 Rad8 
19.Rxe8+ Rxe8 20.Qf3 Rd8 21.Qg3 Qe6 22.f4 Rxd6+ 23.Kc2 {(rESG) Modena gibt auf.} 
( 23.Kc2 Qe2+ 24.Kb3 Qb5+ 25.Kc2 Qa4+ 26.Kc1 Rd1+ 27.Kb2 Rd2+ 28.Kb1 Qc2# ) 0-1

[Event "Treppenturnier 2023"]
[Site "Turnierstufe"]
[Date "2024.02.27"]
[Round "21-2"]
[White "Zircon II"]
[Black "Modena"]
[Result "1-0"]
[WhiteElo "1969"]
[BlackElo "2000"]
[PlyCount "124"]

1.e4 e6 2.d4 d5 3.Nd2 dxe4 4.Nxe4 Nd7 5.Nf3 Ngf6 6.Bd3 Be7 {Buchende.} 7.O-O 
Nxe4 8.Bxe4 Nf6 9.Bd3 O-O 10.c4 b5 $5 {Spekulation...} ( 10...Qd6 {und alles ist
im Lot.} ) 11.cxb5 Bb7 {... auf mehr Raum...} 12.Be3 Be4 $6 {... um dann den
schönen Läufer abzutauschen? Schade.} ( 12...a6 13.bxa6 Bxa6 14.Bxa6 Rxa6 
15.Qd3 Qa8 {... könnte man probieren.} ) 13.Bxe4 Nxe4 14.Rc1 Qd5 15.Rxc7 Bd6 
16.Rc6 Qxa2 17.Nd2 Nxd2 18.Qxd2 Rfd8 19.Rfc1 Be7 20.b6 axb6 21.Rxb6 Bf6 22.Qb4 
Ra4 23.Qb5 Ra5 24.Qf1 Raa8 25.Rb4 Qa5 26.Rcc4 Qa1 27.Rb7 Qxf1+ $2 {Der weiße
Mehrbauer gewinnt nach dem Tausch an Wert.} 28.Kxf1 Ra1+ 29.Ke2 e5 30.Kf3 Rd1 
31.dxe5 Bxe5 32.h3 f5 33.b4 {und vorwärts.} 33...Rb1 34.Rc5 Re8 35.Rd5 Rb3 
36.g3 g5 37.Kg2 f4 38.Bc5 fxg3 39.Be7 Bf4 40.Bxg5 Be5 41.Be7 Bf4 42.Rf5 Bd2 
43.fxg3 Bc3 44.Bc5 Be5 45.Rg5+ Kh8 46.Rxe5 Rxe5 47.Bd4 {(+4.08)} 47...Re3 
{(-3.06)} 48.Bxe3 Rxe3 49.b5 Rb3 50.b6 Kg8 51.g4 Rb2+ 52.Kg3 Rb3+ 53.Kg2 {Oje.} 
53...Rb2+ 54.Kg3 Rb3+ 55.Kh4 h6 56.Kh5 Rxh3+ 57.Kg6 Kf8 58.Ra7 Rb3 59.b7 Rb6+ 
60.Kh7 Ke8 61.Ra8+ Kd7 62.b8=Q Rxb8 {(rESG) Modena gibt auf.} 1-0

[Event "Treppenturnier 2023"]
[Site "Turnierstufe"]
[Date "2024.02.29"]
[Round "21-3"]
[White "Modena"]
[Black "Zircon II "]
[Result "1/2-1/2"]
[WhiteElo "1989"]
[BlackElo "1980"]
[PlyCount "184"]

1.Nf3 c6 2.c4 d5 3.d4 {Buchende.} 3...e6 4.e3 Bd6 {Buchende.} 5.Nbd2 Nf6 6.Bd3 
O-O 7.O-O Nbd7 8.e4 e5 9.Qc2 exd4 10.exd5 Nc5 11.Nxd4 cxd5 12.Be2 Ne6 13.Nf5 
Nf4 14.Bf3 Bxf5 15.Qxf5 g6 16.Qc2 Re8 17.Kh1 Bb4 18.Nb1 Rc8 19.Qd1 {Nach dem
Geplänkel hat Modena eine aktive und überlegene Position erreicht. (Fast) alle
weißen Figuren sind wieder auf der Grundlinie gelandet.} 19...Rxc4 $17 20.b3 
Rxc1 $1 {Autsch. Modena ist am Drücker.} 21.Qxc1 Nd3 ( {Oder zunächst} 21...Re1 
22.Rxe1 Nd3 {...} ) 22.Qc2 Ne1 23.Qd1 Nxf3 24.Qxf3 {(+0.95)} 24...Ne4 {(0.00)} 
25.a3 Bc5 26.Ra2 Re6 27.Qd1 $2 ( {Das kleinere Übel ist} 27.g3 Rf6 28.Qg2 Qb6 
29.b4 Bxf2 {...} ) 27...Qh4 28.Kg1 Bd6 ( {Hiarcs 15.2. sagt} 28...Re5 {mit ca. +
5 Bauerneinheiten.} 29.Rc2 Rh5 {... mit Varianten, die wohl kein Oldie je
berechnen kann.} ) 29.g3 Qg5 {Weiß hat wieder alles unter Kontrolle.} 30.Rc2 
Bc5 31.Kg2 Rc6 32.f3 Nf6 33.Qd3 Qe3 34.Qxe3 Bxe3 35.Rxc6 bxc6 36.Re1 d4 $6 
{Netter Versuch, aber nicht ausreichend.} 37.Kf1 Nd7 38.Ke2 Kg7 39.Nd2 Ne5 
40.Nf1 $6 ( 40.Nc4 $1 Nxc4 41.bxc4 g5 42.Rb1 Kg6 43.Rb7 {...} ) 40...Bg1 41.Rc1 
d3+ 42.Kd2 Nxf3+ 43.Kxd3 f5 44.h3 Bd4 45.Kc4 Bb2 46.Rc2 Bf6 47.h4 Kf7 48.Nh2 
Ne5+ 49.Kc5 Ke6 50.Re2 Kd7 51.Rd2+ Kc7 52.Rd1 {Zircon II hat keinen Plan, wie er
seinen Vorteil nutzen kann.} 52...Be7+ 53.Kd4 Bd6 54.a4 a5 55.Re1 Nd7 56.Nf1 
Nf6 57.Re2 Kd7 58.Kc4 Kc7 59.Re3 Kb6 $2 ( 59...Kd7 ) 60.Re6 {Na klar.} 60...Ne4 
{Rest der Partie in je 1 Stunde.} 61.g4 Bb4 62.gxf5 Nd6+ 63.Rxd6 $2 {Der weiße
Vorteil ist weg.} ( 63.Kd3 Nxf5 64.h5 gxh5 65.Rf6 Ne7 66.Ne3 h4 67.Rh6 {...} ) 
63...Bxd6 64.f6 Kc7 65.Nd2 Kd7 66.Ne4 Bb4 67.Nc5+ Ke8 68.Nd3 Bd6 69.b4 axb4 
70.Nxb4 Bc7 $1 {Jeder andere Zug verliert.} 71.Nxc6 Kf7 72.a5 Bxa5 73.Nxa5 
{(0.00)} 73...Kxf6 {(-1.60)} 74.Nc6 Kf5 75.Kd5 Kg4 76.Ke4 Kxh4 77.Ne5 Kg3 
78.Nd3 h5 79.Nf4 h4 80.Ne2+ Kg4 81.Ke3 h3 82.Kf2 g5 83.Nd4 Kf4 84.Ne6+ Kf5 
85.Nc5 Kg4 86.Ne4 Kf4 87.Ng3 Kg4 88.Ne2 Kh4 89.Kf3 g4+ 90.Kf2 Kg5 91.Kg3 Kf5 
92.Nd4+ Ke4 {Beide sagen (0.00). Das kann man nun wirklich Remis geben.} 1/2-1/2

[Event "Treppenturnier 2023"]
[Site "Turnierstufe"]
[Date "2024.03.03"]
[Round "21-4"]
[White "Zircon II"]
[Black "Modena"]
[Result "1/2-1/2"]
[WhiteElo "1980"]
[BlackElo "1989"]
[PlyCount "125"]

1.b3 {Modena muss sofort rechnen.} 1...Nf6 2.Bb2 {Buchende.} 2...d5 3.Bxf6 exf6 
4.e3 Bd6 5.Nf3 O-O 6.Nc3 c6 7.Be2 Re8 8.O-O Bg4 9.h3 Bxf3 10.Bxf3 {Erneut hat
Modena mehr Raum und kontrolliert mehr Felder.} 10...Nd7 11.a3 $6 ( {Warum
nicht} 11.d4 {?} ) 11...Qe7 12.Qc1 Qe5 13.g3 f5 14.Bg2 Nf6 {Bei Modena sieht
alles sehr planvoll aus.} 15.Re1 Ne4 16.Ne2 Rad8 17.d3 Nc3 18.Kh2 Nxe2 19.Rxe2 
Qc3 20.Bf3 Be5 21.Ra2 Re6 22.Qh1 {Eine gruselige Stellung, die Zircon II da
hat.} 22...Rde8 23.Qe1 Qxe1 24.Rxe1 Bc3 25.Re2 Kf8 26.Kg1 d4 27.e4 c5 28.Kg2 a5 
29.Kf1 fxe4 30.Rxe4 b6 31.Rxe6 Rxe6 32.Bd5 Re1+ 33.Kg2 Ke7 34.Kf3 f5 35.Bg8 h5 
{Modena ist stets leicht im Vorteil, aber der Novag macht alle Schotten dicht.} 
36.Kf4 $6 Kf6 37.h4 Bd2+ 38.Kf3 g5 39.hxg5+ Kxg5 40.Bf7 Re7 41.Bd5 f4 42.Ra1 
fxg3 43.fxg3 {Beide finden sich offensichtlich mit einer Punkteteilung ab.} 
43...Be1 44.Be4 Bc3 45.Rh1 b5 46.Kg2 Re5 47.a4 bxa4 48.bxa4 Kf6 49.Rf1+ Kg7 
50.Kf3 Kf6 51.Rb1 Bb4 52.Rh1 Kg5 53.Kg2 Bc3 54.Rf1 c4 55.Kf3 cxd3 56.Bxd3 Be1 
57.Kg2 Re3 58.Rf3 Kg4 59.Rf4+ Kg5 60.Rf5+ Kg4 61.Rf4+ Kg5 62.Rf5+ Kg4 63.Rf4+ 
{Remis 3x.} 1/2-1/2

[Event "Treppenturnier 2023"]
[Site "Turnierstufe"]
[Date "2024.03.05"]
[Round "22-1"]
[White "Zircon II"]
[Black "Turquoise"]
[Result "1/2-1/2"]
[WhiteElo "1980"]
[BlackElo "1973"]
[PlyCount "53"]

1.e4 e5 2.Nf3 Nc6 3.Bb5 a6 4.Ba4 Nf6 5.O-O Nxe4 6.d4 b5 7.Bb3 d5 8.dxe5 Be6 
9.c3 Bc5 10.Nbd2 O-O 11.Bc2 Nxf2 12.Rxf2 f6 13.exf6 Bxf2+ 14.Kxf2 Qxf6 15.Nf1 
Ne5 16.Be3 Rae8 17.Bc5 Rf7 {Buchende.} 18.Nd2 Bg4 19.Bd4 {Buchende.} 19...Qh4+ 
20.Kg1 Nxf3+ 21.gxf3 Bxf3 {Beide zeigen (0.00) an.} 22.Nxf3 Qg4+ 23.Kf2 Qh4+ ( 
23...Ref8 $1 {gewinnt. Beide finden den Gewinnzug nach knapp 13 Minuten, ein
weiteres Indiz dafür, dass die Programme sehr ähnlich, wenn nicht sogar gleich
sind.} ) 24.Kg2 Qg4+ 25.Kf2 Qh4+ 26.Kg1 Qg4+ 27.Kf2 {Remis.} 1/2-1/2

[Event "Treppenturnier 2023"]
[Site "Turnierstufe"]
[Date "2024.03.06"]
[Round "22-2"]
[White "Turquoise"]
[Black "Zircon II "]
[Result "1-0"]
[WhiteElo "1973"]
[BlackElo "1980"]
[PlyCount "102"]

1.d4 Nf6 2.c4 e6 3.Nf3 b6 4.a3 Bb7 5.Nc3 d5 6.cxd5 Nxd5 7.Qc2 Nxc3 8.bxc3 Qd5 
9.e3 Nd7 10.Bd3 {Buchende.} 10...Nf6 $6 11.O-O Be7 {Buchende und Schwarz hat
bereits Probleme.} 12.e4 Qh5 13.Qa4+ Kf8 14.Re1 Kg8 15.Rb1 a6 16.Bg5 h6 17.Bxf6 
Bxf6 18.Qd7 Rc8 19.Rec1 {zu langsam.} ( {Sofort} 19.c4 $1 {sieht gut aus.} ) 
19...Bg5 20.Rxb6 cxb6 21.Qxb7 Rd8 22.Qxb6 e5 23.Rb1 Rc8 24.Qxa6 Rxc3 25.Nxe5 
Bf4 26.Nf3 Qg4 27.a4 Bd6 $6 28.e5 Bf8 29.Qb5 Qf4 30.h3 Rc1+ {Sinnvolle Züge hat
Zircon II kaum noch.} 31.Rxc1 {(+1.66) Turquoise ist ein Pessimist...} 
31...Qxc1+ {... (-1.12) und Zircon II ein Optimist.} 32.Bf1 Qa3 33.Qc6 Be7 
34.Bc4 Qc1+ 35.Kh2 Qf4+ 36.g3 Qf5 37.Qe8+ Bf8 38.Kg2 Kh7 39.Bxf7 Ba3 40.Qe6 
Qxe6 41.Bxe6 Ra8 {(-5.00)} 42.Bb3 {(+4.75)} ( {Besser:} 42.Bd7 ) 42...Rb8 
43.Bc4 Ra8 44.Bb5 Kg6 45.d5 Bc5 46.d6 Kf7 47.Bd7 Kf8 48.Nd2 Rb8 49.Ne4 Bb6 
50.e6 g6 51.Nc3 {Nach ca. 13 Minuten spielt Zircon II} 51...Ba7 {und gibt auf
(rESn).} 1-0

[Event "Treppenturnier 2023"]
[Site "Turnierstufe"]
[Date "2024.03.07"]
[Round "22-3"]
[White "Zircon II"]
[Black "Turquoise"]
[Result "1-0"]
[WhiteElo "1970"]
[BlackElo "1983"]
[PlyCount "90"]

1.f4 Nf6 2.Nf3 g6 3.e3 Bg7 4.Be2 O-O 5.O-O {Buchende.} 5...d6 {Buchende.} 6.d3 
c6 7.Nc3 Nbd7 8.a3 Qb6 9.Na4 Qc7 10.e4 h6 11.Qe1 Ng4 12.Qh4 Nb8 13.d4 Be6 
14.Bd2 Nd7 15.e5 $6 {Dieser Zug verliert nichts...} ( {Stärker ist jedoch} 
15.f5 $1 gxf5 16.exf5 Bxf5 17.Ne1 Bxd4+ 18.Kh1 Bf6 19.Qh5 Bg6 20.Qxg4 {... Das
können die Oldies nicht erkennen.} ) 15...f6 $2 {... aber Turquoise verrechnet
sich nun.} 16.h3 fxe5 17.fxe5 g5 18.Qg3 b5 19.Nc3 Qb6 20.hxg4 dxe5 21.Ne4 exd4 
22.Bd3 c5 23.Nf2 Bd5 24.Rae1 e6 25.Be4 Qc6 26.Qh2 {Weiterhin eine schwierige,
hochkomplexe Stellung, mit großen Anforderungen an die Rechenkraft der beiden
Novags. Der 7. Halbzug ist hier unter Turnierbedingungen kaum komplett
durchzurechnen.} 26...Bxe4 27.Nxe4 e5 28.Ng3 Rae8 29.Nf5 Qf6 30.Re2 ( {Die
Analyse-Engine sagt: Sehr stark ist} 30.Qh5 $1 e4 ( 30...Re6 31.Bxg5 Qf7 32.Qh3 
hxg5 33.Nxg5 Qg6 34.Nxe6 Qxe6 35.Qh4 Rf7 36.Qd8+ Bf8 37.Nh6+ Qxh6 ( 37...Kh8 
{Matt in 9.} 38.Rxf7 d3 39.Ref1 Qxh6 40.g5 Qb6 41.Qxd7 c4+ 42.Kh1 Qg1+ 43.Kxg1 
Bc5+ 44.Kh1 dxc2 45.Rf8+ Bxf8 46.Rxf8# ) 38.Rxf7 Kxf7 39.Qxd7+ Kg8 40.Qd5+ Kg7 
41.Qxe5+ {...} ) 31.Bxg5 Qf7 32.Nxg7 Qxh5 33.Nxh5 exf3 34.Rxe8 Rxe8 35.Bxh6 
fxg2 36.Kxg2 {...} ) 30...Re6 31.Qh5 Ree8 $2 32.Bxg5 $1 {(+4.91) Ooooups.} 
32...Qf7 {(-4.37)} 33.Nxh6+ Bxh6 34.Qxh6 a5 35.Qa6 b4 36.Qxa5 Ra8 37.Qc7 bxa3 
38.bxa3 Rab8 39.Bc1 Rfc8 40.Qa5 Qg7 41.g5 Rb1 42.Qa7 Rf8 43.Rfe1 Qf7 44.g6 Qxg6 
45.Qxd7 Rxf3 {(rESiGn) Turquoise gibt auf.} ( {Es könnte so zu Ende gehen:} 
45...Rxf3 46.Rxe5 Re3 47.Qc8+ Kg7 48.Qxc5 Rxc1 49.Rxc1 Rxe5 50.Qxe5+ {...} ) 1-0

[Event "Treppenturnier 2023"]
[Site "Turnierstufe"]
[Date "2024.03.08"]
[Round "22-4"]
[White "Turquoise"]
[Black "Zircon II"]
[Result "1-0"]
[WhiteElo "1973"]
[BlackElo "1980"]
[PlyCount "149"]

1.e4 d5 2.exd5 Nf6 3.d4 Nxd5 4.c4 Nb6 5.Nf3 Bg4 6.Be2 e6 7.O-O Nc6 8.b3 Bxf3 
9.Bxf3 Nxd4 10.Bxb7 Rb8 11.Be3 Rxb7 {Buchende.} 12.Qxd4 {Buchende.} 12...Be7 
13.Qxd8+ Bxd8 14.Bd4 f6 15.c5 Nc8 16.Nc3 c6 17.Ne4 $6 Ke7 ( 17...Rb4 $1 18.Rfd1 
e5 {... ist besser.} ) 18.Bc3 Rd7 19.Rad1 Rd5 20.Rxd5 exd5 21.Ng3 Kf7 22.Re1 
Re8 23.Rxe8 Kxe8 24.b4 Bc7 25.a4 Be5 26.Bxe5 fxe5 27.b5 g6 28.h4 Kd7 29.h5 Kc7 
30.hxg6 hxg6 31.Kf1 Kb7 32.Ne2 Ne7 33.Nc1 Nf5 34.Nd3 e4 35.Nb4 Ne7 $6 ( 
35...Nd4 {hält das Gleichgewicht.} ) 36.Ke2 Kc7 $2 ( 36...cxb5 {Einfach
abtauschen.} ) 37.Ke3 ( 37.g4 $1 {nimmt dem Springer das Feld f5.} ) 37...g5 $2 
38.Kd4 ( {Es geht} 38.Nxc6 $3 Nf5+ ( 38...Nxc6 39.bxc6 Kxc6 40.Kd4 g4 41.a5 
{...} ) 39.Ke2 g4 40.Nb4 d4 41.Nd5+ Kd7 42.Nf6+ Ke6 43.Nxe4 Ne7 44.Kd3 Kd5 
45.c6 {...} ) 38...g4 39.Ke5 g3 40.fxg3 e3 41.Nd3 e2 42.Kf4 d4 43.Ke5 Nd5 
44.Kxd4 Kb7 45.bxc6+ $6 ( {Leider nicht zu errechnen ist} 45.g4 $1 Nf4 46.Ne1 
cxb5 47.axb5 Ne6+ 48.Ke5 Nxc5 49.g5 Nd7+ 50.Kf5 Nf8 51.g6 Nxg6 52.Kxg6 {...} ) 
45...Kxc6 46.a5 a6 47.Ke4 Nc3+ 48.Ke3 Kb5 49.Kd2 e1=R 50.Kxe1 ( {Laut Hiarcs
15.2. ist tatsächlich} 50.Nxe1 $3 {richtig!} 50...Ne4+ 51.Ke3 Nxg3 52.Nd3 Kxa5 
53.Kf4 Ne2+ 54.Ke5 Ng3 55.Kd6 Ne4+ 56.Kd7 Nf6+ 57.Kc6 Ka4 58.Kb6 Kb3 59.c6 Kc4 
60.g4 Nd5+ 61.Kb7 Kxd3 62.g5 Ne7 63.c7 Ke4 64.g6 {... Wahnsinn.} ) 50...Kxa5 
51.Kf2 Nd5 52.Kf3 Kb5 53.Ke4 Kc4 54.c6 Nf6+ 55.Kf5 Ne8 56.Ne5+ Kd5 57.g4 Ng7+ 
58.Kf6 Ne8+ 59.Ke7 Nc7 60.Kd7 Na8 {Rest der Partie in je 1 Std.} 61.Ng6 Nb6+ 
62.Kc7 Nc4 63.g5 a5 64.Nf4+ Ke5 65.g6 Kf6 66.Kd8 Nb6 67.c7 Kg7 68.Nd5 Nxd5 
69.c8=Q Nf6 70.Qe6 Kxg6 71.Ke7 Kg5 72.Qxf6+ {Mattankündigung.} 72...Kg4 73.Qe5 
a4 74.Kf6 Kh4 75.Qg5# 1-0